Name That TV Family Quiz Stats

 Plays Quiz Updated Nov 8, 2018

Support Sporcle.
Go Orange.
Score 0/30 Timer 07:00
1 Play Today
TV Show Family % Correct
The Cosby ShowHuxtable
68.4%
Full HouseTanner
68%
Home ImprovementTaylor
66.3%
Leave it to BeaverCleaver
61.9%
Family GuyGriffin
61.3%
FrasierCrane
58.6%
Happy DaysCunningham
56.4%
All in the FamilyBunker
52.9%
Beverly HillbilliesClampett
48.5%
Everybody Loves RaymondBarone
48.3%
The Fresh Prince of Bel-AirBanks
48%
DallasEwing
44.7%
RoseanneConner
43.6%
Family TiesKeaton
43.5%
Growing PainsSeaver
43.1%
TV Show Family % Correct
The Wonder YearsArnold
33.7%
Family MattersWinslow
31.8%
BonanzaCartwright
27.5%
One Day at a TimeRomano
26.7%
The NannySheffield
24.7%
Diff'rent StrokesDrummond
23.2%
The Dick Van Dyke ShowPetrie
19.7%
Eight is EnoughBradford
12.2%
Good TimesEvans
11.8%
My Three SonsDouglas
10.5%
8 Simple RulesHennessy
7.3%
MediumDuBois
6.4%
Party of FiveSalinger
5.5%
Six Feet UnderFisher
4.4%
Mr. BelvedereOwens
1.8%

You're not logged in!

Compare scores with friends on all Sporcle quizzes.
OR
Log In
Forgot?

From the Vault

Multi-Category Geography Blitz

by DarkPhalanx

Travel the world in only 4 minutes.
Remove Ads.
Support Sporcle.
Get the best of Sporcle when you Go Orange. This ad-free experience offers more features, more stats, and more fun while also helping to support Sporcle. Thank you for becoming a member.

Show Comments

Extras

Top Quizzes Today


Score Distribution

Your Account Isn't Verified!

In order to create a playlist on Sporcle, you need to verify the email address you used during registration. Go to your Sporcle Settings to finish the process.

Report this User

Report this user for behavior that violates our Community Guidelines.

Details: